| 000 | 01090cam a2200325 i 4500 | ||
|---|---|---|---|
| 003 | EG-ScBUE | ||
| 005 | 20230716102117.0 | ||
| 008 | 150817t2005 maua f 001 0 eng d | ||
| 020 | _a0618370315 (pbk.) | ||
| 020 | _a9780618370313 | ||
| 040 |
_aEG-ScBUE _beng _erda _cEG-ScBUE _dEG-ScBUE |
||
| 082 | 0 | 4 |
_a909.09821 _bPER _222 |
| 100 | 1 |
_aPerry, Marvin, _eauthor. _911069 |
|
| 245 | 1 | 0 |
_aWestern civilization : _ba brief history / _cMarvin Perry, Baruch College City University of New York ; George W. Bock, editorial associate. |
| 250 | _aFifth edition. | ||
| 264 | 1 |
_aBoston : _bHoughton Mifflin, _c[2005] |
|
| 264 | 4 | _cc2005 | |
| 300 |
_a1 volume (various pagings) : _billustrations (some color) ; _c24 cm |
||
| 336 |
_2rdacontent _atext _btxt |
||
| 337 |
_2rdamedia _aunmediated _bn |
||
| 338 |
_2rdacarrier _avolume _bnc |
||
| 500 | _aIncludes index. | ||
| 590 | _adoaa mohamed | ||
| 650 | 7 |
_aCivilization, Western. _2BUEsh |
|
| 651 | _2BUEsh | ||
| 653 |
_bENGARC _cAugust2015 |
||
| 655 | _vReading book | ||
| 700 | 1 |
_aBock, George W., _eeditor. |
|
| 942 |
_2ddc _cBB |
||
| 999 |
_c7329 _d7329 |
||